00976 2200361 4500001002100000005001500021035002000036007000300056008004100059020002200100082001100122084001700133100003500150245014000185250001000325260003600335300002300371650001700394700002100411700002200432700002000454700001700474504003000491990001000521990001000531990001000541990001100551990001000562990001000572990001100582990001100593990001000604INLIS00000000000026820201022022649 a0010-0917000254ta201022 f 0 ind  a978-602-9396-02-7 a297.56 a297.56 ALL f0 aAL-LAAHIM, Shalih bin Abdullah1 aFiqih Darah Wanita /cShalih bin Abdullah Al-Laahim; penerjemah, Nurul Mukhlisin; editor, Ainul Haris Umar, Waznin Mahfuzh, J. Hariyadi acet.2 aSurabaya :bPustaka eLBA,c2015 a400 hlm. ;c23 cm. 4aWANITA FIQIH0 aNURUL, Mukhlisin0 aAINUL, Haris Umar0 aWAZNIN, Mahfuzh0 aHARIYADI, J. aBibliografi : hlm.390-400 a5694a a5694b a4895c a5694 a a5694b a4895c a5694 b a5694 a a4895c